[Event "Florianopolis op 6th"]
[Site "Florianopolis"]
[Date "2020.01.21"]
[Round "3"]
[White "Souza Jr, Helemberg Cubica De"]
[Black "Niehues, Luiz Cesar"]
[Result "0-1"]
[WhiteElo "1747"]
[BlackElo "1507"]
[PlyCount "66"]
[EventDate "2020.01.20"]
[EventType "swiss"]
[EventRounds "10"]
[EventCountry "BRA"]
[SourceTitle "CBM 194 Extra"]
[Source "ChessBase"]
[SourceDate "2020.03.31"]
[SourceVersion "1"]
[SourceVersionDate "2020.03.31"]
[SourceQuality "1"]

1. e4 d5 2. exd5 Qxd5 3. Nf3 Nf6 4. c4 Qa5 5. Nc3 Bf5 6. Be2 e6 7. 0-0 c6 8. d3 Nbd7 9. Bf4 Be7 10. Nh4 h6 11. Nxf5 Qxf5 12. Bg3 0-0 13. d4 Rad8 14. Bd3 Qh5 15. Qb3 Nc5 16. dxc5 Rxd3 17. Qxb7 Bxc5 18. Qxc6 Rxg3 19. hxg3 Ng4 20. Rfd1 Bxf2+ 21. Kf1 Bxg3 22. Qe4 Nh2+ 23. Kg1 Ng4 24. Qf3 Bf2+ 25. Qxf2 Nxf2 26. Kxf2 Qf5+ 27. Kg1 Qc5+ 28. Kh1 Qxc4 29. Rac1 Qh4+ 30. Kg1 a5 31. Ne2 Rd8 32. Rxd8+ Qxd8 33. Rc2 Qd1+ 0-1

[Event "Rio de Janeiro Cortinhas Memorial 3rd"]
[Site "Rio de Janeiro"]
[Date "2019.04.27"]
[Round "1"]
[White "Rangel, Daniel"]
[Black "Souza Jr, Helemberg Cubica De"]
[Result "1-0"]
[WhiteElo "2334"]
[BlackElo "1699"]
[PlyCount "69"]
[EventDate "2019.04.27"]
[EventType "swiss"]
[EventRounds "6"]
[EventCountry "BRA"]
[SourceTitle "CBM 190 Extra"]
[Source "ChessBase"]
[SourceDate "2019.07.15"]
[SourceVersion "1"]
[SourceVersionDate "2019.07.15"]
[SourceQuality "1"]

1. d4 Nf6 2. c4 e6 3. Nc3 Bb4 4. e3 0-0 5. Nge2 d5 6. a3 Be7 7. cxd5 exd5 8. Nf4 Bf5 9. Qb3 Nc6 10. Ncxd5 Re8 11. Be2 Be4 12. Nxe7+ Qxe7 13. 0-0 Rad8 14. Bd3 Nd5 15. Bxe4 Qxe4 16. Nxd5 Rxd5 17. f3 Qe6 18. Qxb7 Qd6 19. Qb3 Rh5 20. g3 Nxd4 21. exd4 Qxd4+ 22. Kh1 h6 23. Qc2 Rc5 24. Qg2 Qd3 25. Bf4 Rc2 26. Rf2 Ree2 27. Qf1 g5 28. Rc1 Rxb2 29. Be5 Rbd2 30. Rxe2 Rxe2 31. Re1 Rxe1 32. Qxe1 Qxf3+ 33. Kg1 Qxa3 34. Bd4 Kf8 35. Qe5 1-0